[Event "15th Governor Cup 2019"]
[Site "Khanty-Mansiysk"]
[Date "2019.11.19"]
[Round "1.10"]
[White "Frolyanov, Dmitry"]
[Black "Semenova, Elena"]
[Result "1-0"]
[WhiteElo "2556"]
[BlackElo "2282"]
[Annotator "TA"]
[PlyCount "71"]
[EventDate "2019.11.19"]
[EventType "swiss"]
[EventCountry "RUS"]
[SourceTitle "playchess.com"]
[Source "ChessBase"]
[SourceQuality "1"]

{[%evp 21,71,24,29,36,32,27,62,57,89,95,84,51,75,77,69,68,103,78,81,102,87,0,0,0,0,0,0,-32,22,22,24,25,39,23,101,87,118,91,318,342,322,320,627,639,635,439,977,943,1466,1403,1704,1652]} 1. d4 Nf6 2. c4 e6 3. Nf3 d5 4. g3 Be7 5. Bg2 O-O 6. O-O dxc4 7. Ne5 Nc6 8. Nxc6 bxc6 9. Na3 Bxa3 10. bxa3 Nd5 11. Qa4 Nb6 12. Qa5 {E05: Open Catalan: 5 Nf3 Be7} Rb8 13. Rd1 {[%mdl 1024] White has compensation.} Nd5 14. e4 {White is slightly better.} Rb5 15. Qd2 Nb6 16. Qc2 $146 ({Predecessor:} 16. a4 Nxa4 17. Qc2 Ra5 18. Ba3 c5 19. dxc5 Qf6 {1-0 (46) Erigaisi,A (2499)-Karthikeyan,M (2609) Biel 2018}) 16... Qe7 {[#]} 17. a4 $1 {[%cal Ra4b5]} Ra5 18. Rb1 {Threatens to win with Bd2.} Rd8 19. Bf1 {Strongly threatening Bd2.} e5 20. Bd2 Rxa4 {[#]} 21. dxe5 ({White should play} 21. Rxb6 $1 $16 {[%mdl 512]} axb6 22. Qxa4) 21... Bg4 $36 {[%mdl 2048] Hoping for ...Qd7. Black has the initiative.} 22. Re1 Qa3 23. Ra1 h6 24. Reb1 Ra6 (24... Bf3 $15) 25. Bb4 Qa4 26. Qc3 Be6 27. Qe3 Nd7 (27... Qc2 $11 {remains equal.}) 28. Bc3 Rb6 29. Rd1 c5 $2 (29... Rbb8 $16) 30. f4 $18 Bg4 31. Rd2 g6 $2 (31... Re8 32. h3 Bh5) 32. h3 {White is clearly winning.} Be6 33. g4 f5 (33... Kh7 $142 34. f5 Rdb8) 34. exf6 Rd6 35. Rxd6 cxd6 {[#]} 36. f5 $1 {[%mdl 576] Discovered Attack. Accuracy: White = 71%, Black = 20%.} 1-0

[Event "15th Governor Cup 2019"]
[Site "Khanty-Mansiysk"]
[Date "2019.11.19"]
[Round "1.11"]
[White "Yakimova, Mariya"]
[Black "Iljiushenok, Ilia"]
[Result "0-1"]
[WhiteElo "2276"]
[BlackElo "2532"]
[Annotator "TA"]
[PlyCount "76"]
[EventDate "2019.11.19"]
[EventType "swiss"]
[EventCountry "RUS"]
[SourceTitle "playchess.com"]
[Source "ChessBase"]
[SourceQuality "1"]

{[%evp 18,76,9,0,10,21,8,0,4,4,16,18,19,4,0,0,40,34,39,-4,-10,-16,0,0,0,0,0,0,42,26,53,31,45,0,0,-19,-18,-59,-64,-223,-212,-256,-202,-319,-312,-370,-363,-366,-364,-497,-480,-464,-405,-401,-388,-440,-430,-542,-514,-600,-596]} 1. d4 Nf6 2. c4 g6 3. Nf3 Bg7 4. g3 d5 5. cxd5 Nxd5 6. Bg2 Nb6 7. O-O Nc6 8. e3 O-O 9. Nc3 Re8 10. d5 Nb4 {[%cal Rb4d5] D76: Fianchetto Grünfeld: Main Line with 7...Nb6} (10... Na5 11. Nd4 Bd7 12. b4 Nac4 13. Qc2 Qc8 14. Rd1 Bh3 15. Bh1 a5 16. b5 Bg4 17. Nce2 e5 18. dxe6 fxe6 19. Rb1 e5 20. Nb3 {0-1 (37) Jobava,B (2714)-Maghsoodloo,P (2584) Bandar e Anzali 2017}) 11. e4 c6 {[%cal Rc6d5]} 12. a3 Na6 {The position is equal.} 13. dxc6 Qxd1 14. Rxd1 bxc6 15. Nd4 {[#]} Bg4 $146 ({Predecessor:} 15... Bd7 16. Nb3 c5 17. Na5 Bg4 18. f3 {½-½ (33) Malikentzos,S (2239)-Iotov,V (2581) Kalamaria 2010}) 16. f3 c5 17. Ndb5 Be6 18. Bf4 Bb3 19. Re1 Rec8 20. Bh3 e6 21. Bf1 c4 22. Bd6 Na4 23. e5 N6c5 24. Nxa4 Nxa4 25. Re2 Rc6 26. f4 {And now Bg2 would win.} Rb6 27. Bg2 Re8 $1 28. Nc7 $2 {[#]} ({White should try} 28. Nd4 $15 Rxd6 29. Nxb3) 28... Rd8 $1 $19 29. Rc1 Bf8 30. Bxf8 (30. Rd2 $142) 30... Kxf8 31. Na8 Rbb8 32. Nc7 {White hopes to continue with Na6.} Nc5 33. Rc3 Rdc8 34. Na8 Rxa8 35. Bxa8 Rxa8 36. Kf2 Rd8 {Black is clearly winning.} 37. Ke3 Rd1 38. h3 Na4 {Accuracy: White = 38%, Black = 74%.} 0-1

[Event "15th Governor Cup 2019"]
[Site "Khanty-Mansiysk"]
[Date "2019.11.19"]
[Round "1.12"]
[White "Bocharov, Dmitry"]
[Black "Lysenko, Margarita"]
[Result "1-0"]
[WhiteElo "2519"]
[BlackElo "2243"]
[Annotator "TA"]
[PlyCount "51"]
[EventDate "2019.11.19"]
[EventType "swiss"]
[EventCountry "RUS"]
[SourceTitle "playchess.com"]
[Source "ChessBase"]
[SourceQuality "1"]

{[%evp 9,61,0,16,10,17,39,42,0,7,8,8,0,9,0,0,0,0,-11,-7,-19,-12,-3,72,24,25,22,11,21,14,24,270,283,398,406,443,439,453,458,698,690,668,667,671,810,839,839,839,827,824,598,778,762,5465,5406]} 1. Nf3 Nf6 2. d4 e6 3. c4 b6 4. g3 Ba6 5. Qb3 c6 6. Nc3 {E15: Queen's Indian: 4 g3 sidelines, 4 g3 Ba6 and 4 g3 Bb7 early deviations} d5 7. cxd5 cxd5 8. Ne5 {White is slightly better.} Be7 9. Bg2 O-O 10. O-O Bb7 11. Rd1 Nc6 12. Bf4 Rc8 $146 ({Predecessor:} 12... Na5 13. Qc2 Rc8 {½-½ (41) Anand,V (2817)-Sasikiran,K (2689) Bastia 2011}) 13. Rac1 Na5 14. Qc2 Nh5 15. Bd2 f5 (15... f6 $11 {remains equal.} 16. Nf3 f5) 16. Qd3 Nc4 17. Nxc4 Rxc4 18. e4 {[%mdl 64] [#] Deflection} (18. Nxd5 exd5 19. Rxc4 Ba6 $11) 18... fxe4 19. Bxe4 dxe4 $2 (19... g6 $11 {and Black has nothing to worry.}) 20. Qxc4 $18 e3 (20... Kf7 $142 21. Nb5 a5) 21. Bxe3 Bf3 22. Qxe6+ {White is clearly winning.} Kh8 23. d5 Bc5 (23... Bxd1 $142 24. Rxd1 Qd6) 24. Bxc5 bxc5 25. Rd3 Qg5 {[#]} 26. Re1 {Played: Rd3xf3} 1-0

[Event "15th Governor Cup 2019"]
[Site "Khanty-Mansiysk"]
[Date "2019.11.19"]
[Round "1.13"]
[White "Mironenko, Galina"]
[Black "Afanasiev, Nikita"]
[Result "0-1"]
[WhiteElo "2236"]
[BlackElo "2508"]
[Annotator "TA"]
[PlyCount "62"]
[EventDate "2019.11.19"]
[EventType "swiss"]
[EventCountry "RUS"]
[SourceTitle "playchess.com"]
[Source "ChessBase"]
[SourceQuality "1"]

{[%evp 15,106,8,30,14,35,12,34,0,42,53,60,-8,0,-8,0,0,0,0,0,-67,-54,-54,-56,-155,-153,-147,-166,-162,-130,-125,-90,-77,-64,-99,-97,-98,-53,-95,-69,-87,-92,-120,-89,-79,-82,-156,-154,-200,-154,-155,-129,-219,-219,-211,-212,-293,-196,-425,-382,-264,-361,-454,-173,-177,-181,-366,-325,-364,-281,-550,-520,-416,-399,-525,-514,-1305,-1260,-1141,-1057,-1222,-1104,-2324,-2356,-29982,-29983,-29980,-29981,-29976,-29974,-29990,-29990,-29993,-29992]} 1. e4 c5 2. Nf3 Nc6 3. d4 cxd4 4. Nxd4 Qc7 5. Nc3 e6 6. Be3 a6 7. Qd2 Nf6 8. f3 b5 9. Nxc6 {B48: Sicilian: Taimanov: 5 Nc3 Qc7 6 Be3 a6 without Be2} (9. g4 Bb7 10. O-O-O Nxd4 11. Bxd4 Be7 12. g5 Nh5 13. Ne2 Rc8 14. Rg1 O-O 15. Bh3 g6 16. Kb1 d5 17. e5 {0-1 (66) Almasi,Z (2710)-Movsesian,S (2700) Warsaw 2013}) 9... Qxc6 10. O-O-O Bb7 11. Ne2 {White is slightly better.} e5 $146 ({Predecessor:} 11... Bc5 12. Nd4 Qc7 13. Kb1 Rc8 14. Bd3 d5 15. Rhe1 dxe4 16. fxe4 {0-1 (55) Kanovsky,D (2416)-Oral,T (2515) Ostrava 2014}) 12. g4 h6 13. g5 (13. h4 $14) 13... hxg5 $11 14. Bxg5 d5 15. exd5 (15. h4 {seems wilder.} O-O-O 16. Ng3 Bc5 17. Qe2 dxe4 18. Rxd8+ Rxd8 19. fxe4 Nxe4 20. Qg4+) 15... Nxd5 16. Nc3 {[%cal Rc3d5]} Be7 {[#] ...Nxc3 is the strong threat.} 17. Bxe7 ({Better is} 17. Nxd5 $11 Qxd5 {[%mdl 64] Double Attack} 18. Bd3) 17... Nxc3 $1 $15 18. bxc3 Kxe7 19. c4 (19. Rg1 $15) 19... Qh6 $17 ({Inferior is} 19... bxc4 20. Qb4+ Ke8 21. Bxc4 $14) (19... Qxf3 20. Qd6+ Ke8 21. Qxe5+ Kf8 22. Rg1 $11) 20. Qxh6 Rxh6 ({Don't play} 20... gxh6 21. Rd3 $15) 21. Rd3 bxc4 22. Re3 Bd5 23. Rxe5+ Kd6 24. Re3 Rah8 25. h3 Rg6 26. Kd2 Rg3 27. Rh2 Kc5 $36 {[%mdl 2048] Black has strong initiative.} 28. Kc3 f5 {Hoping for ...f4.} 29. Rf2 Rh4 30. Re5 (30. Bg2 $142) 30... Rf4 31. Bg2 g5 {Played: Kc5-d6} 0-1

[Event "15th Governor Cup 2019"]
[Site "Khanty-Mansiysk"]
[Date "2019.11.19"]
[Round "1.14"]
[White "Khanin, Semen"]
[Black "Mochalin, Faddey"]
[Result "1-0"]
[WhiteElo "2503"]
[BlackElo "2188"]
[Annotator "TA"]
[PlyCount "66"]
[EventDate "2019.11.19"]
[EventType "swiss"]
[EventCountry "RUS"]
[SourceTitle "playchess.com"]
[Source "ChessBase"]
[SourceQuality "1"]

{[%evp 26,66,31,26,36,27,32,32,39,0,36,0,0,0,5,11,127,133,132,134,127,127,91,118,119,50,113,113,183,185,447,447,1397,2341,29978,29979,29979,29980,2162,2017,29988,2652,1383]} 1. e4 e6 2. d4 d5 3. e5 c5 4. c3 Qb6 5. Nf3 Nc6 {[%cal Bb8c6,Bc6a5,Ba5c4][%mdl 32]} 6. a3 Bd7 7. b4 cxd4 8. cxd4 Rc8 9. Bb2 Na5 10. Nbd2 Nc4 11. Nxc4 dxc4 12. Rc1 Qa6 13. d5 exd5 14. Qxd5 {[%cal Rf1c4]} Ne7 {C02: French: Advance Variation} 15. Qd2 b5 16. Be2 {[#]} Be6 $146 {White is slightly better.} ({Predecessor:} 16... Qg6 17. O-O Bc6 18. Rfe1 Nf5 19. Qf4 Be7 20. Bd1 Nh4 21. Nxh4 Bxh4 22. Bf3 {0-1 (45) Sepp,O (2457)-Yemelin,V (2578) Tallinn 2009}) 17. Nd4 $40 {[%mdl 128] Black needs to defend precisely.} Rd8 18. Nxe6 (18. Rd1 {looks sharper.} Nd5 19. O-O Qb6 20. Qg5 g6 21. Nxe6 fxe6 22. Bd4) 18... Qxe6 19. Qe3 a6 20. O-O {White wants to play Rcd1.} g6 (20... Nf5 $11 {keeps the balance.} 21. Qe4 Be7) 21. Rcd1 Rxd1 22. Rxd1 {Rd6 is the strong threat.} (22. Bxd1 $6 Bg7 $14) 22... Bg7 23. g4 O-O 24. Rd6 Qc8 25. Bc3 (25. Bf3 $16) 25... Rd8 ({Black should try} 25... Nc6 $1 $14) 26. Bf3 $16 h5 {[#]} (26... Rxd6 $16 {was necessary.} 27. exd6 Nd5 28. Bxd5 Qxg4+ 29. Bg2 Bxc3 30. Qxc3 Qd1+ 31. Bf1 Qxd6) 27. Qg5 $1 $18 {[%cal Rg5e7]} ({And not} 27. gxh5 Nf5 $11) 27... Kf8 $2 (27... Re8 28. h3 (28. gxh5 Qf5 $16) 28... Kf8) 28. gxh5 gxh5 (28... Rxd6 $142 29. exd6 Nf5) 29. Bxh5 Re8 {[#]} 30. Rf6 $1 {[%mdl 512]} Bxf6 31. exf6 {[%csl Gc3,Gf6][%cal Rg5g7]} ({Stronger than} 31. Qxf6 Ng6 $11) 31... Nf5 {[#]} 32. Bg4 $1 {[%mdl 512] Intending Qh5 and mate.} Rd8 33. Qh5 (33. Bxf5 $142 Rd1+ 34. Kg2 Qc6+ 35. f3 Qd6 {[#]} 36. Bd7 $1 {[%mdl 512]} Rg1+ {[%mdl 64] Decoy} 37. Kxg1 Qd1+ 38. Kf2) 33... Ke8 {Accuracy: White = 70%, Black = 26%.} 1-0

[Event "15th Governor Cup 2019"]
[Site "Khanty-Mansiysk"]
[Date "2019.11.19"]
[Round "1.15"]
[White "Safin, Robert"]
[Black "Bilguun, Sumiya"]
[Result "1-0"]
[WhiteElo "2182"]
[BlackElo "2496"]
[Annotator "TA"]
[PlyCount "115"]
[EventDate "2019.11.19"]
[EventType "swiss"]
[EventCountry "RUS"]
[SourceTitle "playchess.com"]
[Source "ChessBase"]
[SourceQuality "1"]

{[%evp 12,115,16,16,51,40,45,39,64,54,84,85,84,50,44,8,35,39,122,118,120,113,129,35,39,45,38,30,28,34,52,52,54,36,52,43,43,6,6,13,19,23,21,20,16,8,8,16,25,29,25,25,32,28,16,37,60,54,61,52,45,56,61,61,72,75,83,73,66,0,86,0,67,45,161,137,125,120,234,241,240,239,279,271,193,174,493,474,358,112,112,74,136,135,488,464,644,577,1229,1163,1458,1406,1228,1266,1264,1221]} 1. d4 Nf6 2. c4 e6 3. g3 d5 4. Nf3 Be7 5. Bg2 O-O 6. O-O dxc4 7. Ne5 a5 {E05: Open Catalan: 5 Nf3 Be7} (7... Nc6 8. Bxc6 bxc6 9. Nxc6 Qe8 10. Nxe7+ Qxe7 11. Qa4 e5 12. dxe5 Qxe5 13. Re1 Be6 14. Nc3 Ne4 15. Qc2 Nxc3 16. Qxc3 Qxc3 17. bxc3 Rab8 18. f3 Rfd8 19. Bf4 Rb2 {½-½ (32) Nakamura,H (2746)-So,W (2762) Saint Louis 2019}) 8. Nxc4 $146 ({Predecessor:} 8. Nc3 Nc6 9. Nxc6 bxc6 10. Bxc6 Rb8 11. Qa4 Qxd4 12. Qxa5 Qb6 13. Qxb6 Rxb6 14. Bg2 Rd8 15. Rd1 Rxd1+ 16. Nxd1 Nd5 17. a3 f5 18. e4 fxe4 19. Bxe4 Bf6 20. a4 {½-½ (20) Kleiser,G (2325)-Kiselev,V (2325) ICCF email 2014}) 8... Nc6 9. e3 Bd7 {White is slightly better.} 10. Nc3 Qc8 11. e4 Rd8 12. e5 Nd5 13. a3 Bf8 (13... a4 $5) 14. Bg5 Nde7 ({Black should try} 14... Nxc3 $14 15. bxc3 Re8) 15. Qg4 $1 $16 Kh8 16. Rfd1 Be8 17. d5 (17. Ne2 $16) 17... exd5 $14 18. Qxc8 Rdxc8 19. Nxd5 Nxd5 20. Rxd5 h6 21. Be3 a4 22. Bc5 Bxc5 23. Rxc5 Rd8 24. Rc1 Nd4 {Threatens to win with ...Ne2+.} 25. Re1 Ne6 26. Rd5 Rxd5 27. Bxd5 Nc5 28. Rd1 Rd8 29. Ne3 c6 30. Bf3 Rxd1+ 31. Bxd1 $11 {[%mdl 4096] Endgame KBN-KBN} b5 32. Bc2 Bd7 33. f4 Kg8 34. Kf2 Be6 35. Kf3 Kf8 36. f5 Ba2 37. Be4 Nb3 38. Kf4 Na5 39. Bd3 Nb7 40. Be4 Na5 41. Bd3 Nb7 $1 42. Nc2 Nc5 (42... Bb1 $14) 43. Nb4 $1 $18 Nxd3+ 44. Nxd3 $16 {KB-KN} Bb1 {[#]} (44... Bd5 $16 {is a better defense.}) 45. Nb4 $1 $18 c5 {[#]} 46. Na6 $1 c4 47. f6 gxf6 48. exf6 Kg8 $2 (48... Ke8 49. Nc7+ {[%mdl 64] Double Attack} Kd7 50. Nxb5 Ke6 51. Nc7+ Kxf6 52. Nd5+ Ke6) 49. Ke5 Kh7 50. Kd4 $2 (50. Kd6 $18) 50... Kg6 $16 51. Kc5 Kxf6 ({Black should play} 51... Bd3) 52. Kxb5 Be4 $2 {[%mdl 8192]} (52... Kg5 $16 {is a better chance.}) 53. Nc5 $18 {White is clearly winning.} Bg2 54. Nxa4 Kg5 55. Kxc4 Kg4 56. Kd4 Kh3 57. Ke3 Kxh2 58. Kf4 {Accuracy: White = 57%, Black = 31%.} 1-0

[Event "15th Governor Cup 2019"]
[Site "Khanty-Mansiysk"]
[Date "2019.11.19"]
[Round "1.16"]
[White "Belyakov, Bogdan"]
[Black "Skvortsov, Andrey"]
[Result "1/2-1/2"]
[WhiteElo "2495"]
[BlackElo "2137"]
[Annotator "TA"]
[PlyCount "92"]
[EventDate "2019.11.19"]
[EventType "swiss"]
[EventCountry "RUS"]
[SourceTitle "playchess.com"]
[Source "ChessBase"]
[SourceQuality "1"]

{[%evp 10,92,29,23,39,39,31,35,28,27,38,27,33,29,34,23,24,16,23,10,35,31,22,25,541,35,113,110,108,107,60,41,41,43,53,43,37,36,28,16,25,0,0,0,0,0,0,0,0,0,11,0,0,0,0,0,0,0,0,0,0,0,0,0,6,0,9,0,0,0,0,0,0,0,0,0,0,-13,-9,-6,-6,-13,0,0,0]} 1. e4 e5 2. Nf3 Nf6 3. Nxe5 d6 4. Nf3 Nxe4 5. Nc3 Nf6 6. d4 d5 {C42: Petroff Defence: 3 Nxe5 and unusual White 3rd moves} (6... Be7 7. Bd3 O-O 8. O-O Nc6 9. h3 Nb4 10. Bc4 d5 11. Bb3 c6 12. Re1 Na6 13. Ne2 Nc7 14. Ng3 Nfe8 15. c3 Nd6 {1-0 (98) Vachier Lagrave,M (2778)-Yu,Y (2752) Saint Louis 2019}) 7. Bd3 Be7 8. h3 O-O {White is slightly better.} 9. O-O Re8 10. Bf4 c6 11. Re1 Nbd7 {[%cal Bb8d7,Bd7f8,Bf8e6][%mdl 32]} 12. Qd2 Nf8 13. Re2 Ne6 14. Be5 Qb6 $146 ({Predecessor:} 14... Nd7) 15. a4 a5 16. Rae1 Nd7 $2 {[%mdl 8192] [#]} (16... Nh5 $11 {and Black has nothing to worry.}) 17. Bg3 $2 ({White has to play} 17. Bxg7 $1 $18 {[%mdl 512] White wants to mate with Qh6.} Kxg7 (17... Nxg7 18. Qh6) 18. Rxe6 fxe6 19. Rxe6) 17... Bf6 {[#]} ({Better is} 17... Bb4 $14) 18. Nd1 $1 $16 Ndf8 19. c3 Qd8 20. h4 h5 21. Ne3 {Threatens to win with Nf5.} g6 22. c4 Nxd4 23. Nxd4 Bxd4 24. cxd5 cxd5 25. Bb5 Re4 {The position is equal.} 26. Nc2 Bf6 27. Rxe4 dxe4 28. Qxd8 Bxd8 29. Rxe4 {And now Re8 would win.} Ne6 30. Be5 Nc5 31. Rc4 Be7 32. Nd4 Bd7 33. Bc7 Bxb5 34. Nxb5 Ra6 35. g3 Nd3 36. b3 Nc5 37. Rc3 f6 38. Bd8 Bf8 39. f3 Kf7 40. Kg2 Ne6 41. Rd3 Nc5 42. Rc3 Ne6 43. Bc7 Bb4 44. Rd3 Ke7 45. Re3 Kd7 46. Rd3+ Ke7 {Accuracy: White = 54%, Black = 66%.} 1/2-1/2

[Event "15th Governor Cup 2019"]
[Site "Khanty-Mansiysk"]
[Date "2019.11.19"]
[Round "1.17"]
[White "Kochukova, Anna"]
[Black "Potapov, Pavel"]
[Result "0-1"]
[WhiteElo "2117"]
[BlackElo "2489"]
[Annotator "TA"]
[PlyCount "110"]
[EventDate "2019.11.19"]
[EventType "swiss"]
[EventCountry "RUS"]
[SourceTitle "playchess.com"]
[Source "ChessBase"]
[SourceQuality "1"]

{[%evp 13,110,29,38,30,33,14,22,18,24,-8,0,-20,30,22,38,37,44,18,28,20,37,35,37,27,40,21,55,7,52,50,49,33,40,19,20,10,58,31,61,76,46,33,41,40,29,0,12,4,4,16,54,29,42,0,0,0,27,0,36,43,47,25,25,35,37,35,35,35,38,25,32,30,25,0,0,-7,-7,-157,-150,-769,-764,-1401,-704,-1164,-1018,-29989,-29990,-29990,-29965,-7604,-6658,-4822,-4814,-29979,-29980,-29980,-29981,-29980,-29981]} 1. e4 g6 2. d4 Bg7 3. Nc3 d6 4. Be3 a6 5. Qd2 Nd7 6. f3 b5 7. Nh3 Bb7 8. Nf2 {B06: Modern Defence} (8. a4 b4 9. Nd1 c5 10. dxc5 dxc5 11. Be2 Qa5 12. O-O Ngf6 13. Bh6 O-O 14. Bxg7 Kxg7 15. Ne3 Ne5 {1-0 (53) Karttunen,M (2458)-Ladva,O (2501) Finland 2017}) 8... c5 9. Be2 Ngf6 10. O-O {The position is equal.} O-O 11. Rad1 Qc7 $146 ({Predecessor:} 11... Rc8 12. d5 Nb6 13. f4 b4 {½-½ (45) Berger,P (1930)-Halas,M (1923) Slovakia 2012}) 12. Rfe1 Rac8 13. d5 c4 14. a3 Nc5 15. Bf1 Rfe8 16. g3 Rb8 17. Bh3 Bc8 18. Bxc8 Qxc8 19. Ne2 Rb7 20. Kg2 Rc7 21. Rb1 Nfd7 22. Nd1 Ne5 23. Ndc3 Qb7 24. Nd4 Rec8 25. h3 Na4 26. Nxa4 bxa4 27. f4 Nd7 28. Nc6 Nb8 29. Nxb8 (29. Na5 {with more complications.} Qb5 30. Qb4 e6 31. c3 exd5 32. Qxb5 axb5 33. exd5 Kf8 34. Kf3) 29... Qxb8 30. c3 Rb7 31. Re2 $1 Rb3 {[#] Strongly threatening ...Bxc3!} 32. Rc1 Qb7 33. Bf2 Re8 34. Rc2 {[%cal Bc1c2,Bc2d2,Bd2d1][%mdl 32]} Rb5 35. Qd1 e5 36. Rcd2 Rb3 37. Qe1 h5 38. Be3 Qd7 39. Qf2 exf4 40. Bxf4 Rbb8 41. Rd1 Re7 42. Rde1 Be5 43. Bxe5 Rxe5 44. Qf6 Rbe8 45. Kf3 ({White should try} 45. Re3 $11) 45... Qxh3 $17 46. Qxd6 $2 (46. Kf2 $17) 46... h4 $19 {[%csl Gh4][%cal Rh3g3]} 47. Rg1 Kg7 {Threatens to win with ...hxg3.} 48. Qc7 hxg3 {[%mdl 64] [#] Overworked Piece} 49. Rxg3 Qf1+ 50. Rf2 Qd3+ 51. Kg2 Qxe4+ 52. Kg1 Qxd5 {( -> ...Re1+)} 53. Qb6 Re1+ {Black mates.} 54. Rf1 Rxf1+ 55. Kxf1 Qd1+ {Accuracy: White = 29%, Black = 48%.} 0-1

[Event "15th Governor Cup 2019"]
[Site "Khanty-Mansiysk"]
[Date "2019.11.19"]
[Round "1.18"]
[White "Nesterov, Arseniy"]
[Black "Mukhina, Jana"]
[Result "1-0"]
[WhiteElo "2489"]
[BlackElo "2105"]
[Annotator "TA"]
[PlyCount "91"]
[EventDate "2019.11.19"]
[EventType "swiss"]
[EventCountry "RUS"]
[SourceTitle "playchess.com"]
[Source "ChessBase"]
[SourceQuality "1"]

{[%evp 22,91,35,38,33,4,4,0,15,10,19,12,18,0,0,-14,56,53,58,61,58,54,60,60,59,35,113,105,160,167,187,191,253,259,260,253,309,298,291,291,289,289,275,203,197,193,178,154,620,609,571,421,421,417,421,421,417,417,417,414,409,408,396,394,422,324,667,602,906,873,1116,1058]} 1. d4 Nf6 2. c4 g6 3. Nf3 Bg7 4. g3 O-O 5. Bg2 d6 6. Nc3 Nc6 7. O-O e5 8. dxe5 Nxe5 9. Nxe5 dxe5 10. Qxd8 Rxd8 11. Bg5 Rd4 12. b3 c6 {E62: King's Indian: Fianchetto: 6...c6 and Panno Variation (6...Nc6) without ...a6} 13. Be3 (13. Na4 Bf5 14. Nc5 Rb8 15. h3 Nd7 16. e3 Rd6 17. Be7 Rd2 18. Rfd1 Rxd1+ 19. Rxd1 Nxc5 20. Bxc5 {½-½ (42) Dreev,A (2662)-Libiszewski,F (2521) Trieste 2019}) 13... Rd8 14. Rad1 Re8 {The position is equal.} 15. Na4 Ng4 $146 ({Predecessor:} 15... e4 16. Nc5 Bg4 17. Rd2 b6 18. h3 Bxe2 19. Rxe2 bxc5 {0-1 (30) Reischmann,A-Haas,M (2191) Baden 2011}) 16. Bc5 f5 17. h3 Nf6 18. Rd6 Ne4 (18... Nd7 $11) 19. Bxe4 $1 $14 fxe4 20. Kh2 Bf8 21. Rdd1 b5 22. Bxf8 bxa4 23. Bd6 Re6 ({Black should play} 23... Be6 $14) 24. Bc5 $36 {[%mdl 2048] White has strong initiative.} Ba6 (24... Re8 $142) 25. Rd7 $16 axb3 26. axb3 Rae8 (26... Ree8 $142 27. Ra1 Bc8 28. Rdxa7 Rxa7 29. Rxa7 Be6) 27. Rxa7 Bc8 28. Rc7 g5 {If only Black now had time for ...Rh6....} 29. Ra1 {[#] Threatens to win with Ra8.} Rh6 30. Ra8 Bd7 31. Rxe8+ ({Stronger than} 31. Rxd7 Rxa8 32. Kg2 Ra2 $11) 31... Bxe8 $18 {[%mdl 4096] Endgame KRB-KRB} 32. Re7 Bh5 33. Rxe5 Bxe2 34. Rxe4 Bf3 $2 (34... Bf1 $16 35. Re5 Bxh3 36. Rxg5+ Kf7) 35. Re8+ Kg7 36. Bf8+ Kf7 37. Re3 ({Less strong is} 37. Bxh6 Kxe8 38. Bxg5 c5 $16) 37... Kxf8 38. Rxf3+ {KR-KR} Ke7 39. g4 Rd6 40. Rf5 h6 {[#]} 41. h4 $1 gxh4 42. Rh5 Rd2 43. Kg2 Rb2 $2 (43... Kf6 44. Rxh6+ (44. Rxh4 Kg5 $18) 44... Kg5 45. Rxc6 Kxg4 46. Rg6+ Kf5) 44. Rxh4 {White is clearly winning.} Kd6 45. Rxh6+ Kc5 46. Rh3 {Accuracy: White = 69%, Black = 42%.} 1-0